Norwegian environmental statistics 1983 natural resources and pollution
Na minha lista:
| Formato: | Livro |
|---|---|
| Idioma: | inglês |
| Publicado em: |
Oslo
Central Bureau of Statistics
1983
|
| Tags: |
Sem tags, seja o primeiro a adicionar uma tag!
|
MARC
| LEADER | 00000nam a2200000 4500 | ||
|---|---|---|---|
| 001 | c117132 | ||
| 005 | 20041019155206.6 | ||
| 041 | 0 | |a eng | |
| 044 | |a NO | ||
| 245 | 1 | 0 | |a Norwegian environmental statistics 1983 |b natural resources and pollution |
| 264 | 1 | |a Oslo |b Central Bureau of Statistics |c 1983 | |
| 300 | |a Nestr. | ||